Quaman new course of quality management in higher education contract No.: S_JEP-11522-96

Gespeichert in:
Bibliographische Detailangaben
1. Verfasser: Mizla, Martin, 1955-
Körperschaften: Žilinská univerzita v Žiline, Ekonomická univerzita v Bratislave. Obchodná fakulta, Univerzita Mateja Bela. Fakulta financií
Weitere Verfasser: Karkalíková, Marta, Strhan, Rastislav, 1968-
Format: Buch
Sprache:Englisch
Veröffentlicht: Bratislava [Obchodná fakulta EU] 1997
Schlagworte:
Tags: Tag hinzufügen
Keine Tags, Fügen Sie das erste Tag hinzu!

MARC

LEADER 00000nam a2200000 4500
001 0136082
005 20240718085716.7
041 0 |a eng 
044 |a SK 
245 1 0 |a Quaman new course of quality management in higher education  |b contract No.: S_JEP-11522-96  |c Martin Mizla, Marta Karkalíková, Rastislav Strhan ... [et al.] 
264 1 |a Bratislava  |b [Obchodná fakulta EU]  |c 1997 
300 |a [220] s. 
610 2 0 |a riadenie kvality 
610 2 0 |a vzdelávanie vysokoškolské 
610 2 0 |a kurzy 
610 2 0 |a servis 
610 2 0 |a sektor terciárny 
610 2 0 |a podnik služieb 
610 2 0 |a kvalita tovaru 
610 2 0 |a kvalita výrobkov 
610 2 0 |a modely 
610 2 0 |a spokojnosť zákazníkov 
610 2 0 |a normy kvality 
100 1 |a Mizla, Martin, 1955- 
700 1 |a Karkalíková, Marta 
700 1 |a Strhan, Rastislav, 1968- 
710 2 |a Žilinská univerzita v Žiline 
710 2 |a Ekonomická univerzita v Bratislave. Obchodná fakulta 
710 2 |a Univerzita Mateja Bela. Fakulta financií